01000nam a22003135b 4500001000700000003000900007005001700016007000300033008004000036017000900076020000600085035000600091040003000097080000600127082002600133100004300159245015900202250001300361260000600374264003100380300004700411336002600458337003400484338003000518490001700548650003500565650003500600700005100635 00271DO-SdBPM20260325072208.0ta921117s1993 sp | |||| ||spa  a b  a  a  aDO-SdBPMbspacBPMSUerda 0a 04a863.6bM973a 19922221 aMurciano, Carlosd1931-eautor 4aut. 14aLas amapolas se han vuelto blancas de repente /cCarlos Murciano ; comentario del texto Rosa Mª Sáez Vacas ; ilustración Alicia Cañas Cortázarh  a2a. ed.  c  aMadrid : bBruño, c1992 a185 páginas : bilustración ; c20 cm atextbtxt2rdacontent asin mediación bn2rdamedia avolumen bnc2rdacarrier 0 aAltamar,v56 7aNovelas juveniles españolas  7aLiteratura juvenil española 1 aCañas Cortázar, Alicia eilustración d